[Event "Reykjavik Open 2013"]
[Site "Reykjavik ISL"]
[Date "2013.02.21"]
[Round "4.72"]
[White "Marentini, Marcel"]
[Black "Masson, Kjartan"]
[Result "1-0"]
[WhiteElo "2069"]
[BlackElo "1856"]
[WhiteFideId "1318730"]
[BlackFideId "2303809"]
[EventDate "2013.02.19"]

1. c4 e6 2. Nc3 Nf6 3. d4 d5 4. cxd5 exd5 5. Bg5 Be7 6. e3 O-O 7. Bd3 h6 8. Bh4
c6 9. Nge2 b6 10. O-O Re8 11. Rc1 Bd6 12. Bg3 Ne4 13. Bxd6 Qxd6 14. Qc2 f5 15.
a3 Bd7 16. Nb1 Qf6 17. Nd2 Nxd2 18. Qxd2 g5 19. Rc3 h5 20. h4 gxh4 21. Nf4 Qg5
22. Be2 Re7 23. Bf3 Rh7 24. Nxd5 Be8 25. Nf4 a6 26. Qc2 Raa7 27. Rc1 b5 28. Rc5
Raf7 29. a4 Kh8 30. axb5 axb5 31. Ra1 Ra7 32. Rxa7 Rxa7 33. Rxf5 Qg8 34. Qc5
Ra1+ 35. Kh2 Nd7 36. Qd6 h3 37. Nxh3 Qh7 38. Qe6 Bg6 39. Rg5 Ra7 40. Nf4 Bf7 41.
Qe7 h4 42. Rg7 1-0

[Event "Reykjavik Open 2013"]
[Site "Reykjavik ISL"]
[Date "2013.02.21"]
[Round "4.73"]
[White "Mihajlov, Sebastian"]
[Black "Ghaderi, Arman K"]
[Result "1-0"]
[WhiteElo "2059"]
[BlackElo "1827"]
[WhiteFideId "1512110"]
[BlackFideId "1511890"]
[EventDate "2013.02.19"]

1. d4 d5 2. c4 e6 3. Nc3 Be7 4. Bf4 Nf6 5. e3 O-O 6. Bd3 Nbd7 7. Nge2 Nh5 8.
cxd5 Nxf4 9. Nxf4 exd5 10. Ncxd5 Bd6 11. Qf3 c6 12. Nc3 Nf6 13. h3 Re8 14. O-O
Qc7 15. Nfe2 Be6 16. a3 Rad8 17. b4 b6 18. Rac1 Qd7 19. Rfd1 a5 20. Rb1 axb4 21.
axb4 Qc7 22. Rdc1 Nd5 23. Nxd5 Bxd5 24. e4 Ba2 25. Rb2 Be6 26. e5 Bf8 27. Rxc6
Qa7 28. Be4 b5 29. Rbc2 Bc4 30. R6xc4 bxc4 31. Bc6 Re6 32. Rxc4 Qb6 33. b5 Re7
34. Nc3 Qa5 35. Ra4 Qb6 36. Nd5 Rxd5 37. Qxd5 Rc7 1-0

[Event "Reykjavik Open 2013"]
[Site "Reykjavik ISL"]
[Date "2013.02.21"]
[Round "4.74"]
[White "Thorgeirsson, Jon Kristinn"]
[Black "Heerde, Thomas"]
[Result "0-1"]
[WhiteElo "1766"]
[BlackElo "2053"]
[WhiteFideId "2307731"]
[BlackFideId "12945684"]
[EventDate "2013.02.19"]

1. e4 d5 2. exd5 Qxd5 3. Nc3 Qa5 4. d4 Nf6 5. Bd3 c6 6. Ne2 Bg4 7. O-O Nbd7 8.
Bf4 Nb6 9. Qd2 Nfd5 10. Nxd5 Qxd2 11. Nc7+ Kd7 12. Bxd2 Kxc7 13. Bf4+ Kd7 14.
Nc3 Rd8 15. Ne4 Nd5 16. Bd2 e6 17. c4 Nb4 18. Bxb4 Bxb4 19. a3 Be7 20. f3 Bf5
21. Rad1 Kc7 22. Bb1 a5 23. Ba2 Rd7 24. g4 Bg6 25. Nc5 Rxd4 26. Nb3 Rxd1 27.
Rxd1 a4 28. Nc1 h5 29. h3 hxg4 30. hxg4 Bc5+ 31. Kg2 Bd6 32. Rh1 Rxh1 33. Kxh1
Bc2 34. Ne2 Be5 35. Nc3 Bxc3 36. bxc3 Bb3 37. Bb1 Bxc4 38. Kg2 Kd6 39. Kf2 Ke5
40. g5 Kf4 41. g6 f6 42. Bc2 b5 43. Be4 Bd5 44. Bd3 Bxf3 45. c4 b4 46. axb4 a3
47. Bb1 Be4 48. Ba2 Bxg6 49. c5 Ke5 50. Ke3 Be4 0-1

[Event "Reykjavik Open 2013"]
[Site "Reykjavik ISL"]
[Date "2013.02.21"]
[Round "4.75"]
[White "Palmqvist, Fredrik"]
[Black "Johansen, Arnt-Ole"]
[Result "1/2-1/2"]
[WhiteElo "2050"]
[BlackElo "1817"]
[WhiteFideId "1710346"]
[BlackFideId "1516728"]
[EventDate "2013.02.19"]

1. e4 c6 2. Nc3 d5 3. Nf3 Bg4 4. h3 Bxf3 5. Qxf3 e6 6. d3 Nf6 7. Bd2 Bb4 8.
O-O-O Nbd7 9. g4 d4 10. Nb1 Bxd2+ 11. Nxd2 Qc7 12. g5 Ng8 13. Kb1 Ne7 14. h4 Ng6
15. h5 Nf4 16. Nb3 e5 17. Nc1 h6 18. Rg1 hxg5 19. Rxg5 O-O-O 20. Rxg7 Nf6 21.
Ne2 N6xh5 22. Bh3+ Kb8 23. Rg5 Nxe2 24. Rxh5 Nf4 25. Rxh8 Rxh8 26. Bf5 Qe7 27.
Qg4 Qh4 28. Qg7 f6 29. a3 Qh6 30. Qe7 Qf8 31. Qd7 Rg8 32. Qh7 Rh8 33. Qd7 Rg8
34. Qh7 Qg7 35. Qh4 Rh8 36. Qg3 Qxg3 37. fxg3 Ne2 38. g4 Rh2 39. Rf1 Kc7 40. Be6
Nf4 41. Bf5 a5 42. Kc1 c5 43. b3 b6 44. Kd1 Kd6 45. Rg1 Nh3 46. Rf1 Ke7 47. Bc8
Kf7 48. Re1 Kg6 49. Rf1 Nf4 50. Rg1 Kg5 51. Bd7 Kh4 52. Bc8 Kg5 53. Rf1 Ng2 54.
Rf5+ Kg6 55. Rh5 Rxh5 56. gxh5+ Kxh5 57. Bd7 Kg5 58. c3 Kf4 59. b4 Nh4 60. bxa5
bxa5 61. cxd4 cxd4 62. Kc2 f5 63. exf5 Nxf5 64. Kb3 e4 65. dxe4 Kxe4 66. Bb5 d3
67. Bxd3+ Kxd3 68. Ka4 1/2-1/2

[Event "Reykjavik Open 2013"]
[Site "Reykjavik ISL"]
[Date "2013.02.21"]
[Round "4.76"]
[White "Doell, Detlef"]
[Black "Hyotyla, Tapio"]
[Result "1-0"]
[WhiteElo "2044"]
[BlackElo "1792"]
[WhiteFideId "4659449"]
[BlackFideId "501026"]
[EventDate "2013.02.19"]

1. e4 d6 2. d4 g6 3. Nc3 c6 4. Be3 Bg7 5. Qd2 Qa5 6. O-O-O b5 7. Kb1 b4 8. Nce2
Be6 9. Nc1 Nd7 10. Nge2 Nb6 11. Nf4 Bc4 12. Nfd3 c5 13. dxc5 Bc3 14. bxc3 bxc3
15. Qe1 Na4 16. Nb3 Rb8 17. Nc1 Be6 18. Ka1 Qb4 19. Nd3 Qxe4 20. Bd4 Qxe1 21.
Rxe1 dxc5 22. Nbxc5 Nxc5 23. Nxc5 Rb2 24. Nxe6 fxe6 25. Bxc3 Rxc2 26. Bxh8 Rxf2 1-0

[Event "Reykjavik Open 2013"]
[Site "Reykjavik ISL"]
[Date "2013.02.21"]
[Round "4.77"]
[White "Haraldsson, Leif"]
[Black "Storesund, Henrik"]
[Result "1-0"]
[WhiteElo "2028"]
[BlackElo "1759"]
[WhiteFideId "1710648"]
[BlackFideId "1518615"]
[EventDate "2013.02.19"]

1. e4 c5 2. Nc3 Nc6 3. g3 g6 4. Bg2 Bg7 5. d3 e6 6. f4 Nge7 7. Nf3 O-O 8. O-O d5
9. e5 a6 10. Qe1 b5 11. Qf2 Qb6 12. Kh1 Bd7 13. a3 a5 14. Bd2 Rab8 15. g4 Rfc8
16. Qh4 Qd8 17. Rae1 Nd4 18. f5 exf5 19. Bg5 Be6 20. Bxe7 Qd7 21. Nxd4 cxd4 22.
Ne2 Rxc2 23. Nxd4 Rxb2 24. gxf5 1-0

[Event "Reykjavik Open 2013"]
[Site "Reykjavik ISL"]
[Date "2013.02.21"]
[Round "4.78"]
[White "Kristinardottir, Elsa Maria"]
[Black "Murray, Michael A."]
[Result "0-1"]
[WhiteElo "1747"]
[BlackElo "2017"]
[WhiteFideId "2300370"]
[BlackFideId "2609126"]
[EventDate "2013.02.19"]

1. e4 Nc6 2. d4 e5 3. dxe5 Nxe5 4. f4 Ng6 5. Nf3 Bc5 6. Nc3 Nh6 7. Na4 Bb4+ 8.
Bd2 Qe7 9. Bxb4 Qxb4+ 10. Nc3 Nxf4 11. Qd2 O-O 12. O-O-O Ne6 13. Bd3 d6 14. h3
Nc5 15. g4 Nxd3+ 16. Qxd3 f6 17. Nd5 Qa5 18. Qc4 Nf7 19. Nxc7 b5 20. Nxb5 Ba6
21. a4 Rac8 22. Qb3 Rb8 23. Rd5 Bb7 24. Rd4 a6 25. Qc3 Qd8 26. Na3 Qe7 27. Qd3
Rfe8 28. Re1 Kh8 29. Nc4 Bc6 30. b3 Ne5 31. Ncxe5 dxe5 32. Rd6 Qb7 33. g5 f5 34.
Nd2 fxe4 35. Nxe4 Rec8 36. Rd1 Be8 37. Kd2 Bg6 38. Rd8+ Rxd8 0-1

[Event "Reykjavik Open 2013"]
[Site "Reykjavik ISL"]
[Date "2013.02.21"]
[Round "4.79"]
[White "Michel, Steve"]
[Black "Leosson, Atli Johann"]
[Result "1-0"]
[WhiteElo "2008"]
[BlackElo "1736"]
[WhiteFideId "1015931"]
[BlackFideId "2308533"]
[EventDate "2013.02.19"]

1. d4 d5 2. c4 c6 3. Nf3 Nf6 4. Qb3 dxc4 5. Qxc4 Qd5 6. Qa4 e6 7. Nc3 Qd8 8. e4
Be7 9. Bg5 Nbd7 10. Be2 O-O 11. Rd1 Nb6 12. Qb3 h6 13. Bh4 Nh7 14. Bg3 Nd7 15.
O-O Qb6 16. Qc2 Ng5 17. Ne1 Bb4 18. f4 Bxc3 19. bxc3 Nh7 20. e5 f5 21. Bc4 Nb8
22. Nd3 Na6 23. Bf2 Qc7 24. Bxa6 bxa6 25. Rb1 g5 26. g3 Rb8 27. Rxb8 Qxb8 28.
Be3 Rf7 29. Nc5 g4 30. Rb1 Qc7 31. Qa4 Nf8 32. Bc1 h5 33. Ba3 h4 34. Nxa6 Bxa6
35. Qxa6 hxg3 36. hxg3 Rh7 37. Bd6 Rh1+ 38. Kxh1 Qh7+ 39. Kg1 Qh3 1-0

[Event "Reykjavik Open 2013"]
[Site "Reykjavik ISL"]
[Date "2013.02.21"]
[Round "4.80"]
[White "Pretterhofer, Kiaras"]
[Black "Holm, Fridgeir K"]
[Result "1-0"]
[WhiteElo "1997"]
[BlackElo "1733"]
[WhiteFideId "1618768"]
[BlackFideId "2307324"]
[EventDate "2013.02.19"]

1. e4 e5 2. Nf3 Nc6 3. d4 exd4 4. Nxd4 Bc5 5. Be3 Qf6 6. c3 a6 7. Bc4 Qg6 8. O-O
Ne5 9. Be2 h5 10. Nd2 d6 11. Kh1 Nf6 12. f4 Neg4 13. f5 Qh7 14. Bf4 Bd7 15. b4
Ba7 16. a4 Rd8 17. b5 a5 18. Qc2 Bc8 19. N2f3 Nd7 20. Ng5 Qg8 21. Bc4 Nde5 22.
Bd5 Qf8 23. Bxe5 dxe5 24. Bxf7+ Kd7 25. Ndf3 Nf6 26. Qb3 Qc5 27. h4 1-0

[Event "Reykjavik Open 2013"]
[Site "Reykjavik ISL"]
[Date "2013.02.21"]
[Round "4.83"]
[White "Sverrisson, Nokkvi"]
[Black "Seim, Fredrik"]
[Result "1-0"]
[WhiteElo "1990"]
[BlackElo "1714"]
[WhiteFideId "2304376"]
[BlackFideId "1516442"]
[EventDate "2013.02.19"]

1. e4 e6 2. d4 d5 3. Nd2 h6 4. Ngf3 Nf6 5. Bd3 c5 6. e5 Nfd7 7. c3 Nc6 8. O-O g5
9. dxc5 Bxc5 10. b4 Bf8 11. Bb5 Bg7 12. Re1 Qc7 13. Qe2 a6 14. Bxc6 bxc6 15. Nb3
g4 16. Nfd4 Bxe5 17. Qxg4 Nf6 18. Qh3 Ne4 19. Nc5 Ng5 20. Qh5 Bxd4 21. cxd4 Rg8
22. Bxg5 Rxg5 23. Nxe6 Bxe6 24. Rxe6+ Kf8 25. Qxh6+ Rg7 26. Rxc6 Qe7 27. Qd6 1-0

[Event "Reykjavik Open 2013"]
[Site "Reykjavik ISL"]
[Date "2013.02.21"]
[Round "4.84"]
[White "Bue, Gunnar"]
[Black "Johannesson, Oliver"]
[Result "0-1"]
[WhiteElo "1695"]
[BlackElo "1988"]
[WhiteFideId "1503391"]
[BlackFideId "2305623"]
[EventDate "2013.02.19"]

1. d4 Nf6 2. c4 c5 3. e3 g6 4. Nf3 Bg7 5. Bd3 cxd4 6. exd4 d5 7. O-O Nc6 8. Be3
O-O 9. Nc3 Bg4 10. h3 Bxf3 11. Qxf3 dxc4 12. Bxc4 Rc8 13. Rfd1 a6 14. a3 Ne8 15.
Ba2 Nd6 16. g4 Kh8 17. Qg2 b5 18. Rac1 Na5 19. b3 f5 20. f4 fxg4 21. hxg4 Qd7
22. Nd5 Rxc1 23. Rxc1 e6 24. Rc7 Qd8 25. Rxg7 Kxg7 26. Nc3 Qc7 27. Qb2 Rc8 28.
d5 Kg8 29. Bd2 Qb6+ 30. Kf1 Qd4 31. dxe6 Ne4 32. Nd1 Qxd2 0-1

[Event "Reykjavik Open 2013"]
[Site "Reykjavik ISL"]
[Date "2013.02.21"]
[Round "4.86"]
[White "Jacobsen, Trond"]
[Black "Orlova, Yelizaveta"]
[Result "1/2-1/2"]
[BlackTitle "WC"]
[WhiteElo "1610"]
[BlackElo "1978"]
[WhiteFideId "1510380"]
[BlackFideId "2601826"]
[EventDate "2013.02.19"]

1. d4 c5 2. d5 e5 3. c4 d6 4. e4 Be7 5. Be2 Nd7 6. Nc3 Ngf6 7. f4 exf4 8. Bxf4
O-O 9. Nf3 Nh5 10. Bd2 g6 11. O-O Ng7 12. Bf4 Nh5 13. Bd2 Bf6 14. g4 Ng7 15. Bf4
Qe7 16. Bd3 Be5 17. Bg5 f6 18. Bd2 Rf7 19. h3 g5 20. Rb1 Nf8 21. Nxe5 Qxe5 22.
Ne2 Ng6 23. Bc3 Qe7 24. Rf2 h5 25. Qf1 1/2-1/2

[Event "Reykjavik Open 2013"]
[Site "Reykjavik ISL"]
[Date "2013.02.21"]
[Round "4.88"]
[White "Davidsdottir, Nansy"]
[Black "Bjornes, Leif"]
[Result "1/2-1/2"]
[WhiteElo "1479"]
[BlackElo "1957"]
[WhiteFideId "2309491"]
[BlackFideId "1507397"]
[EventDate "2013.02.19"]

1. e4 c6 2. d4 d5 3. exd5 cxd5 4. c4 Nf6 5. Nc3 e6 6. Nf3 Bb4 7. Bg5 O-O 8. Be2
dxc4 9. Bxc4 b6 10. O-O Bxc3 11. bxc3 Bb7 12. Ne5 Nbd7 13. Nxd7 Qxd7 14. Bxf6
gxf6 15. Qg4+ Kh8 16. Qh4 Qd8 17. Bd3 f5 18. Qf4 Qf6 19. f3 Rac8 20. Rac1 Rg8
21. Rc2 Rg6 22. Kh1 Rh6 23. h3 Rh4 24. Qh2 Rg8 25. Qc7 Ba8 26. Qxa7 Qh6 27. Qc7
f4 28. Qe5+ f6 29. Qxe6 Rg3 30. Qe8+ Kg7 31. Qe7+ Kh8 32. Qe8+ Kg7 33. Qe7+ Kh8
34. Qe8+ 1/2-1/2

[Event "Reykjavik Open 2013"]
[Site "Reykjavik ISL"]
[Date "2013.02.21"]
[Round "4.90"]
[White "Thorhallsson, Simon"]
[Black "Jensen, Soren3"]
[Result "0-1"]
[WhiteElo "1451"]
[BlackElo "1909"]
[WhiteFideId "2310090"]
[BlackFideId "1421204"]
[EventDate "2013.02.19"]

1. d4 e5 2. dxe5 Nc6 3. Nf3 Qe7 4. Bf4 Qb4+ 5. Nc3 Qxb2 6. Nd5 Nb4 7. Nxb4 Bxb4+
8. Nd2 Qd4 9. Be3 Qxe5 10. Rb1 a5 11. Rb3 Nf6 12. Rd3 O-O 13. Bd4 Qe7 14. a3 Bc5
15. Bb2 d5 16. e3 Bf5 17. Qf3 Bxd3 18. Bxd3 Ne4 19. Nxe4 dxe4 20. Bxe4 Bxa3 21.
Ba1 Bb4+ 22. Ke2 Rad8 23. Bd3 Rxd3 24. cxd3 Qc5 25. Rd1 b5 26. Qg4 Bc3 27. Rc1
b4 28. h4 Qb5 29. Qc4 Qxc4 30. dxc4 Bxa1 31. Rxa1 Ra8 32. Ra4 c5 33. Kd3 f5 34.
e4 f4 35. e5 Kf7 36. Ke4 Ke6 37. Kxf4 b3 38. Ra1 b2 39. Rb1 Rb8 40. Ke4 Rb3 0-1

[Event "Reykjavik Open 2013"]
[Site "Reykjavik ISL"]
[Date "2013.02.21"]
[Round "4.96"]
[White "Meier, Gerd"]
[Black "Pantzar, Milton"]
[Result "1/2-1/2"]
[WhiteElo "1949"]
[BlackElo "1693"]
[WhiteFideId "4682971"]
[BlackFideId "1721003"]
[EventDate "2013.02.19"]

1. f4 d5 2. Nf3 Nf6 3. e3 Bg4 4. Be2 c6 5. b3 e6 6. Bb2 Nbd7 7. O-O Bd6 8. Ne5
Bxe2 9. Qxe2 O-O 10. d3 Qc7 11. Nxd7 Nxd7 12. Qg4 e5 13. Nd2 f6 14. Qe6+ Kh8 15.
fxe5 Bxe5 16. Bxe5 Nxe5 17. Nf3 1/2-1/2

[Event "Reykjavik Open 2013"]
[Site "Reykjavik ISL"]
[Date "2013.02.21"]
[Round "4.97"]
[White "Saemundsson, Bjarni"]
[Black "Petersson, Baldur Teodor"]
[Result "1-0"]
[WhiteElo "1935"]
[BlackElo "1575"]
[WhiteFideId "2302900"]
[BlackFideId "2309157"]
[EventDate "2013.02.19"]

1. e4 c5 2. Nc3 e6 3. f4 a6 4. Nf3 Nc6 5. g3 Qc7 6. Bg2 b5 7. O-O Bb7 8. d3 Nge7
9. Be3 d6 10. Qe2 g6 11. Qd2 Bg7 12. Rab1 O-O 13. Ne2 f5 14. Ng5 Qd7 15. d4 cxd4
16. Nxd4 Nxd4 17. Bxd4 e5 18. Bc5 Rfd8 19. Rbd1 h6 20. Nf3 Qc7 21. Bxd6 Qb6+ 22.
Kh1 fxe4 23. Nxe5 Nf5 24. Bc5 Qxc5 25. Qxd8+ Rxd8 26. Rxd8+ Bf8 27. Nxg6 Qb6 28.
Rxf8+ Kg7 29. Rxf5 Kxg6 30. Re5 Kf6 31. Re1 Qd8 32. b3 Qc8 33. Bxe4 Bxe4+ 34.
R1xe4 Qxc2 35. Re2 Qc1+ 36. Kg2 Qc6+ 37. Kh3 Qc8+ 38. Re6+ Kg7 39. Kh4 Qc5 40.
Re7+ Kf8 41. R2e5 Qc3 42. h3 h5 43. R7e6 Qc2 44. Kg5 1-0

[Event "Reykjavik Open 2013"]
[Site "Reykjavik ISL"]
[Date "2013.02.21"]
[Round "4.100"]
[White "De Winter, Eric"]
[Black "Magnusdottir, Veronika Steinunn"]
[Result "1-0"]
[WhiteElo "1823"]
[BlackElo "1557"]
[WhiteFideId "1033069"]
[BlackFideId "2309114"]
[EventDate "2013.02.19"]

1. g3 d5 2. Bg2 Nf6 3. d4 e6 4. c4 c5 5. Nf3 Nc6 6. cxd5 Nxd5 7. O-O b6 8. dxc5
Bxc5 9. e4 Nf6 10. Qxd8+ Nxd8 11. e5 Nd5 12. Ng5 Bb7 13. Ne4 Bd4 14. Nd6+ Ke7
15. Nxb7 Nxb7 16. Nc3 Nxc3 17. bxc3 Bxc3 18. Ba3+ Nc5 19. Rac1 Bxe5 20. Bxc5+
bxc5 21. Bxa8 Rxa8 22. Rxc5 f6 23. Rb1 a6 24. Rb7+ Kd6 25. Rc2 f5 26. Rb6+ Kd7
27. Rcc6 Re8 28. Rxa6 h5 29. Rcb6 Bc7 30. Rb7 g6 31. f4 Rc8 32. Kg2 Ke7 33. Kh3
Kd7 34. Raa7 Kd6 35. Rxc7 Rxc7 36. Rxc7 Kxc7 1-0

[Event "Reykjavik Open 2013"]
[Site "Reykjavik ISL"]
[Date "2013.02.21"]
[Round "4.103"]
[White "Hojgaard, Brandur"]
[Black "Steinthorsson, Felix"]
[Result "1/2-1/2"]
[WhiteElo "1734"]
[BlackElo "1449"]
[WhiteFideId "7201478"]
[BlackFideId "2310040"]
[EventDate "2013.02.19"]

1. d4 d5 2. Nf3 Nf6 3. c4 c6 4. Nc3 dxc4 5. Bg5 Bf5 6. e3 b5 7. Ne5 e6 8. Qf3
Qc7 9. g4 Bg6 10. Bxf6 gxf6 11. Qxf6 Rg8 12. Bg2 Bg7 13. Qf4 Bxe5 14. dxe5 b4
15. Nb5 cxb5 16. Bxa8 Nd7 17. a4 Nb6 18. Qf3 Qxe5 19. O-O bxa4 20. Rfd1 1/2-1/2

[Event "Reykjavik Open 2013"]
[Site "Reykjavik ISL"]
[Date "2013.02.21"]
[Round "4.106"]
[White "Ohlsson, Mikael"]
[Black "Ragnarsson, Heimir Pall"]
[Result "1/2-1/2"]
[WhiteElo "1811"]
[BlackElo "1354"]
[WhiteFideId "1719700"]
[BlackFideId "2308860"]
[EventDate "2013.02.19"]

1. d4 Nf6 2. g3 d6 3. Bg2 g6 4. Nf3 Bg7 5. O-O Nc6 6. c4 O-O 7. a3 a5 8. d5 Nb8
9. Nc3 Bf5 10. Nd4 Bd7 11. Bg5 c6 12. e4 cxd5 13. exd5 Na6 14. Re1 Nc5 15. Qd2
Re8 16. Rad1 Rc8 17. Ndb5 Qb6 18. Be3 Ng4 19. Bd4 Qa6 20. Bxg7 Kxg7 21. Qd4+ Nf6
22. Re2 Nb3 23. Qf4 Bg4 24. f3 Qb6+ 25. Kh1 Bf5 26. Na4 Qa6 27. Rde1 Bd3 28.
Rxe7 Rxc4 29. Rxf7+ Kxf7 30. Nxd6+ Qxd6 31. Qxd6 Rxe1+ 32. Bf1 Rxf1+ 33. Kg2
Rc2+ 34. Kh3 Bf5+ 35. g4 Rxf3+ 36. Kh4 Nxg4 37. h3 Rh2 38. Qc7+ Kf6 39. Qd8+ 1/2-1/2

[Event "Reykjavik Open 2013"]
[Site "Reykjavik ISL"]
[Date "2013.02.21"]
[Round "4.108"]
[White "Kolica, Donika"]
[Black "Leifsson, Thorsteinn"]
[Result "1-0"]
[WhiteElo "1251"]
[BlackElo "1759"]
[WhiteFideId "2308843"]
[BlackFideId "2302764"]
[EventDate "2013.02.19"]

1. e4 c5 2. Nc3 d6 3. f4 Nf6 4. Nf3 g6 5. Bb5+ Bd7 6. Bc4 Bg7 7. O-O O-O 8. Qe1
e6 9. d3 a6 10. a4 Nc6 11. Qh4 Ne8 12. Qh3 d5 13. Ba2 Nb4 14. Ne2 Nxa2 15. Rxa2
dxe4 16. dxe4 b5 17. Ng3 Nf6 18. f5 exf5 19. exf5 a5 20. Bh6 Nd5 21. Ng5 1-0

[Event "Reykjavik Open 2013"]
[Site "Reykjavik ISL"]
[Date "2013.02.21"]
[Round "4.111"]
[White "Einarsson, Oskar Long"]
[Black "Kristbergsson, Bjorgvin"]
[Result "1-0"]
[WhiteElo "1613"]
[BlackElo "1197"]
[WhiteFideId "2309220"]
[BlackFideId "2305232"]
[EventDate "2013.02.19"]

1. e4 c5 2. Nf3 Nc6 3. d4 cxd4 4. Nxd4 e6 5. Bc4 a6 6. O-O b5 7. Bb3 Bb7 8. Be3
Qc7 9. Re1 Bd6 10. h3 Bh2+ 11. Kh1 Nf6 12. Nd2 Ne5 13. Bg5 Ng8 14. Bh4 h6 15.
Nf1 g5 16. Nxh2 gxh4 1-0

[Event "Reykjavik Open 2013"]
[Site "Reykjavik ISL"]
[Date "2013.02.22"]
[Round "5.2"]
[White "Gajewski, Grzegorz"]
[Black "Yu, Yangyi"]
[Result "1/2-1/2"]
[WhiteTitle "GM"]
[BlackTitle "GM"]
[WhiteElo "2644"]
[BlackElo "2688"]
[WhiteFideId "1116207"]
[BlackFideId "8603820"]
[EventDate "2013.02.19"]

1. d4 d5 2. c4 e6 3. Nf3 Nf6 4. g3 Bb4+ 5. Bd2 Be7 6. Bg2 O-O 7. O-O c6 8. Qc2
b6 9. Bf4 Bb7 10. Rd1 Nbd7 11. Ne5 Nh5 12. Bd2 Nhf6 13. cxd5 cxd5 14. Nc6 Bxc6
15. Qxc6 Qb8 16. Rc1 Rc8 17. Qxc8+ Qxc8 18. Rxc8+ Rxc8 1/2-1/2

[Event "Reykjavik Open 2013"]
[Site "Reykjavik ISL"]
[Date "2013.02.22"]
[Round "5.8"]
[White "Bu, Xiangzhi"]
[Black "Guo, Qi"]
[Result "1-0"]
[WhiteTitle "GM"]
[BlackTitle "WGM"]
[WhiteElo "2675"]
[BlackElo "2431"]
[WhiteFideId "8601445"]
[BlackFideId "8604002"]
[EventDate "2013.02.19"]

1. c4 e6 2. g3 d5 3. Bg2 Nf6 4. Nf3 dxc4 5. Qa4+ Nbd7 6. Qxc4 c5 7. O-O b6 8.
Nd4 Ne5 9. Nc6 Nxc4 10. Nxd8 Nd5 11. Nc3 Kxd8 12. Nxd5 Bb7 13. Nc3 Bxg2 14. Kxg2
Kc8 15. b3 Na5 16. Bb2 Kb7 17. f4 Rd8 18. d3 Be7 19. f5 Bf6 20. Rab1 Bxc3 21.
Bxc3 f6 22. Bxa5 bxa5 23. fxe6 Rhe8 24. Rf5 Rxe6 25. Kf2 Rde8 26. Rb2 Re5 27.
Rxe5 Rxe5 28. Rc2 Rf5+ 29. Kg2 Re5 30. g4 h5 31. h3 hxg4 32. hxg4 Kc6 33. Kf3
Kb5 34. Rc4 a6 35. Rf4 Kc6 36. Ra4 Kb5 37. Rc4 Kc6 38. d4 Rd5 39. dxc5 Rxc5 40.
Ke4 g6 41. Kd4 Rxc4+ 42. bxc4 Kd6 43. e4 a4 44. a3 g5 45. c5+ 1-0

[Event "Reykjavik Open 2013"]
[Site "Reykjavik ISL"]
[Date "2013.02.22"]
[Round "5.9"]
[White "Tan, Zhongyi"]
[Black "Navara, David"]
[Result "1/2-1/2"]
[WhiteTitle "WGM"]
[BlackTitle "GM"]
[WhiteElo "2466"]
[BlackElo "2710"]
[WhiteFideId "8603642"]
[BlackFideId "309095"]
[EventDate "2013.02.19"]

1. d4 Nf6 2. c4 e6 3. g3 Bb4+ 4. Bd2 a5 5. Bg2 d6 6. Nf3 Nbd7 7. O-O e5 8. Nc3
O-O 9. Nd5 Bxd2 10. Qxd2 exd4 11. Nxd4 Nc5 12. Qg5 Nxd5 13. Qxd8 Rxd8 14. cxd5
Bd7 15. b3 b5 16. Rfc1 b4 17. a4 bxa3 18. Rxa3 Rdb8 19. Rca1 a4 20. bxa4 Rxa4
21. Rxa4 Bxa4 22. Bf3 Rb2 23. Kg2 g6 24. h4 h5 25. Ra3 Kg7 26. Re3 Kf6 27. Nc6
Bxc6 28. dxc6 Ne6 29. Ra3 Rd2 30. Ra5 Rc2 31. Bd5 Rxe2 32. Ra7 Rc2 33. Bxe6 Kxe6
34. Rxc7 Rc3 35. Rc8 Kf5 36. c7 d5 1/2-1/2

[Event "Reykjavik Open 2013"]
[Site "Reykjavik ISL"]
[Date "2013.02.22"]
[Round "5.11"]
[White "Olafsson, Fridrik"]
[Black "Omarsson, Dadi"]
[Result "1/2-1/2"]
[WhiteTitle "GM"]
[WhiteElo "2416"]
[BlackElo "2212"]
[WhiteFideId "2300052"]
[BlackFideId "2302772"]
[EventDate "2013.02.19"]

1. e4 c5 2. Nf3 e6 3. g3 d5 4. exd5 exd5 5. d4 Nf6 6. Bg2 Be7 7. O-O Nc6 8. Be3
O-O 9. dxc5 Ng4 10. Bd4 Nxd4 11. Qxd4 Qc7 12. Nc3 Bxc5 13. Nxd5 Qd6 14. Qd3 g6
15. Rad1 Bf5 16. Qd2 Rac8 17. c3 a6 18. Nd4 Bd7 19. h3 Nf6 20. Nxf6+ Qxf6 21.
Nb3 Bb5 22. Nxc5 Rxc5 23. Rfe1 Bc6 24. Qd4 Qxd4 25. Rxd4 b5 26. Red1 Kg7 27. Rd8
Bxg2 28. Kxg2 Rc6 29. R8d6 Rfc8 30. R1d4 h5 31. Kf3 Kf8 32. h4 Ke7 33. Rd7+ Ke8
34. Ra7 Rf6+ 35. Ke3 Rcc6 36. Re4+ Kf8 37. f3 Kg7 38. Rd7 Rf5 39. Rdd4 Rff6 40.
a4 bxa4 41. Rxa4 Rc5 42. Rf4 a5 43. Rxf6 Kxf6 44. Kd3 Ke6 45. b3 Rb5 46. Re4+
Kd6 47. Rd4+ Kc6 48. Kc2 Rb8 49. Re4 Kd6 50. c4 Rc8 51. Kc3 Rc5 52. f4 Rf5 53.
Kd4 f6 54. Re3 Kd7 55. Ke4 Kc6 56. Kd4 Kd7 57. c5 g5 58. fxg5 fxg5 59. hxg5 Rxg5
60. Kc4 Kc6 61. Re6+ Kd7 1/2-1/2

[Event "Reykjavik Open 2013"]
[Site "Reykjavik ISL"]
[Date "2013.02.22"]
[Round "5.13"]
[White "Oleksienko, Mikhailo"]
[Black "Norowitz, Yaacov"]
[Result "0-1"]
[WhiteTitle "GM"]
[WhiteElo "2568"]
[BlackElo "2432"]
[WhiteFideId "4152417"]
[BlackFideId "2024799"]
[EventDate "2013.02.19"]

1. e4 c6 2. d4 d5 3. e5 Bf5 4. Nd2 e6 5. Nb3 Nd7 6. Nf3 Ne7 7. Be2 a6 8. O-O Qc7
9. Bd2 Bg6 10. Rc1 b5 11. Ba5 Qa7 12. Bb4 Nc8 13. c3 Ncb6 14. Bxf8 Kxf8 15. Na5
c5 16. dxc5 Nxc5 17. b3 Qc7 18. a4 bxa4 19. b4 Nb7 20. c4 Nxa5 21. cxd5 Qd7 22.
bxa5 Nxd5 23. Nd4 Be4 24. Nc6 g5 25. Qxa4 Bg6 26. Qd1 Rc8 27. Qa4 Ra8 28. Qa3+
Kg7 29. Qd6 Qb7 30. Bf3 Nf4 31. Nd4 Qb8 32. Bxa8 Qxa8 33. Qc6 Qd8 34. Rfd1 Qxa5
35. g3 Nh3+ 36. Kg2 g4 37. Qc5 Qa2 38. Nc2 Qb3 39. Ne3 Qb7+ 40. Kf1 Qh1+ 41. Ke2
Qf3+ 42. Kd2 Nxf2 0-1